Whitey Songs - Statistics

General Stats
  • This quiz has been taken 40 times
    20 since last reset
  • The average score is 61 of 135
Answer Stats
Album Answer % Correct
GREAT SHAKES Volume 1 WRAP IT UP
94%
SEVEN LEAD OVER GOLD
81%
LOST SUMMER LOST SUMMER
81%
GREAT SHAKES Volume 2 STAY ON THE OUTSIDE
81%
LOST SONGS VOL.2: BOHEMIA ROAD BOHEMIA ROAD
75%
GREAT SHAKES Volume 1 CIGARETTE
75%
SEVEN DEATH A.M
75%
GREAT SHAKES Volume 2 WHAT'S WRONG WITH PEOPLE? (PART 1)
75%
GREAT SHAKES Volume 2 WHAT'S WRONG WITH PEOPLE (PART 2)
75%
SEVEN LET'S FAKE LOVE
75%
THE TIMES THEY ARE DERANGING LITTLE PIGGIES
75%
NOW THAT'S WHY I KILLED MUSIC SOMEBODY GRAB THE WHEEL
75%
LOST SONGS VOL.2: BOHEMIA ROAD THE OTHER WAY
75%
THE TIMES THEY ARE DERANGING WHERE IS AMERICA?
75%
LOST SUMMER CIVILIZASHUN / NOBODY MADE THE MONSTER
69%
SEVEN DOG AND WOLF
69%
GREAT SHAKES Volume 1 G.I.R.L
69%
LET'S NEVER GO HOME AGAIN (Lost Songs 5) LET'S NEVER GO HOME AGAIN
69%
NOW THAT'S WHY I KILLED MUSIC MOUNTAINS OF ASH
69%
LOST SUMMER PEOPLE
69%
LOST SONGS VOLUME 1: BERLIN PIN IN A MAP
69%
GREAT SHAKES Volume 1 RATS
69%
SEVEN THANKYOU (FOR LETTING ME DOWN)
69%
SEVEN WHEN THE LIGHTS WENT OUT
69%
LOST SONGS VOLUME 1: BERLIN CHECKPOINT CHARLIE
63%
CANNED LAUGHTER COUNT THOSE FREAKS
63%
LOST SUMMER DEADEYES
63%
SEVEN FIGHT THE FEELING
63%
CANNED LAUGHTER INTRO / DINOSAUR
63%
LOST SONGS VOLUME 1: BERLIN LIONS OF BERLIN
63%
LOST SONGS VOL.3: WRONG DESTINATION SQUARE PEG ROUND WORLD
63%
NOW THAT'S WHY I KILLED MUSIC THE FLOWERS OF LONDON
63%
LOST SONGS VOL.3: WRONG DESTINATION A GIRL LIKE YOU
56%
NOW THAT'S WHY I KILLED MUSIC | THE TIMES THEY ARE DERANGING ANIMAL KINGDOM
56%
GREAT SHAKES Volume 2 BLACK CAT
56%
LOST SONGS VOL.2: BOHEMIA ROAD COFFEE AND WINE
56%
LOST SONGS VOL.3: WRONG DESTINATION FROM A FEVER TO A DREAM
56%
GREAT SHAKES Volume 1 I MADE MYSELF INVISIBLE
56%
NOW THAT'S WHY I KILLED MUSIC IN THE END
56%
THE LIGHT AT THE END OF THE TUNNEL IS A TRAIN JUST ANOTHER ANIMAL
56%
THE LIGHT AT THE END OF THE TUNNEL IS A TRAIN NONSTOP
56%
LOST SONGS VOL.2: BOHEMIA ROAD SLEEP
56%
LOST SONGS VOL.2: BOHEMIA ROAD SONG FOR GHOSTS AND LOVERS
56%
THE LIGHT AT THE END OF THE TUNNEL IS A TRAIN THE LIGHT AT THE END OF THE TUNNEL IS A TRAIN
56%
THE TIMES THEY ARE DERANGING TRUE STORIES
56%
GREAT SHAKES Volume 1 YOU
56%
GREAT SHAKES Volume 2 BLAH
50%
LOST SONGS VOLUME 4: 2003-2021 CONNECTOR
50%
LOST SONGS VOLUME 1: BERLIN EVERYONE'S AN ARTIST
50%
GREAT SHAKES Volume 2 FULL OF DUST
50%
GREAT SHAKES Volume 2 INDIVIDUALS
50%
NOW THAT'S WHY I KILLED MUSIC NO ONE WANTS YOU 'ROUND (WHEN YOU'RE DOWN)
50%
LOST SUMMER SATURDAY NIGHT ATE OUR LIVES
50%
LOST SUMMER SEE YOU NEXT TIME
50%
LOST SUMMER THE EMPTY MAN
50%
GREAT SHAKES Volume 2 THE GUTTER
50%
CANNED LAUGHTER TIMES UP
50%
LOST SONGS VOL.3: WRONG DESTINATION WRONG DESTINATION
50%
LOST SONGS VOLUME 1: BERLIN YOUR NEW FACE
50%
THE LIGHT AT THE END OF THE TUNNEL IS A TRAIN Y.U.H.2.B.M.2
50%
CANNED LAUGHTER A DEDICATION
44%
LOST SUMMER BRIEF AND BRIGHT
44%
LOST SONGS VOLUME 1: BERLIN BUT ARE YOU HAPPY?
44%
LOST SONGS VOLUME 4: 2003-2021 CRACKED
44%
GREAT SHAKES Volume 1 DON'T FORGET YOURSELF
44%
NOW THAT'S WHY I KILLED MUSIC LET THE BAD TIMES ROLL
44%
THE LIGHT AT THE END OF THE TUNNEL IS A TRAIN PLAY ME
44%
LOST SONGS VOLUME 4: 2003-2021 PLEASE LET IT BE DIFFERENT THIS TIME
44%
NOW THAT'S WHY I KILLED MUSIC POISON APPLES
44%
LOST SONGS VOL.2: BOHEMIA ROAD SHANGRI-LA
44%
CANNED LAUGHTER THE FRIEND
44%
CANNED LAUGHTER THE GENIUS OF THE CROWD
44%
CANNED LAUGHTER TWISTED SHEETS
44%
LET'S NEVER GO HOME AGAIN (Lost Songs 5) VOYAGE TO THE BOTTOM OF THE MIND
44%
THE LIGHT AT THE END OF THE TUNNEL IS A TRAIN A WALK IN THE DARK
38%
NOW THAT'S WHY I KILLED MUSIC DON'T THINK TOO MUCH
38%
LOST SONGS VOLUME 1: BERLIN EVERY DAY HAS ITS DOG
38%
LOST SUMMER GET BY
38%
GREAT SHAKES Volume 2 HEAD IN THE CORNER
38%
THE LIGHT AT THE END OF THE TUNNEL IS A TRAIN IN THE LIMELIGHT
38%
LOST SONGS VOLUME 4: 2003-2021 LAST TICKET OUT
38%
GREAT SHAKES Volume 2 MADE OF NIGHT
38%
LOST SONGS VOLUME 4: 2003-2021 PAINT A PICTURE
38%
LOST SONGS VOL.2: BOHEMIA ROAD RUNNING AWAY TO THE MOON
38%
CANNED LAUGHTER SEND OUT THE CLOWNS
38%
LET'S NEVER GO HOME AGAIN (Lost Songs 5) SOMEWHERE IT'S MIDNIGHT
38%
LOST SONGS VOL.2: BOHEMIA ROAD TAKE IT EASY, BUT TAKE IT NOW
38%
CANNED LAUGHTER THE WHEEL
38%
LET'S NEVER GO HOME AGAIN (Lost Songs 5) WAITING TO START THE GOLDEN AGE
38%
LET'S NEVER GO HOME AGAIN (Lost Songs 5) DEATH BY PARTY
31%
LOST SONGS VOLUME 4: 2003-2021 DESCENDING THE STAIRS
31%
GREAT SHAKES Volume 2 DO THE NOTHING
31%
LOST SONGS VOL.2: BOHEMIA ROAD EXIT/ENTER
31%
GREAT SHAKES Volume 2 GOODBYE CROCODILE
31%
LET'S NEVER GO HOME AGAIN (Lost Songs 5) HALF O' NOTHING
31%
THE LIGHT AT THE END OF THE TUNNEL IS A TRAIN LEAVE THEM ALL
31%
LOST SONGS VOL.2: BOHEMIA ROAD LOST WITH YOU
31%
LET'S NEVER GO HOME AGAIN (Lost Songs 5) OBEY YOURSELF
31%
GREAT SHAKES Volume 1 ONE BY ONE
31%
NOW THAT'S WHY I KILLED MUSIC PICK UP YOUR SHADOW
31%
LOST SONGS VOLUME 4: 2003-2021 STARING A HOLE IN THE FLOOR
31%
GREAT SHAKES Volume 1 SWEET WORDS FOR THE SOUR
31%
LOST SONGS VOL.3: WRONG DESTINATION THE CALL
31%
LET'S NEVER GO HOME AGAIN (Lost Songs 5) TIRED SONG
31%
THE LIGHT AT THE END OF THE TUNNEL IS A TRAIN TWOFACE
31%
CANNED LAUGHTER ...AND WHEN YOUR SUN GOES DOWN, YOU'LL KNOW
25%
LET'S NEVER GO HOME AGAIN (Lost Songs 5) AS ABOVE SO BELOW
25%
LOST SONGS VOLUME 4: 2003-2021 DRAG IT OUT
25%
THE LIGHT AT THE END OF THE TUNNEL IS A TRAIN HA HA HA
25%
LOST SONGS VOLUME 4: 2003-2021 LAND OF GAMES
25%
LOST SONGS VOLUME 4: 2003-2021 LIES LIES LIES
25%
LOST SONGS VOLUME 4: 2003-2021 NOT YOU AGAIN
25%
LOST SONGS VOLUME 4: 2003-2021 SHAKING ON A STRING
25%
LOST SONGS VOL.2: BOHEMIA ROAD STRANGE WORLD
25%
THE LIGHT AT THE END OF THE TUNNEL IS A TRAIN TANTRUM
25%
THE LIGHT AT THE END OF THE TUNNEL IS A TRAIN THE AWFUL TRUTH
25%
CANNED LAUGHTER THE UP SOUND FOR DOWN PEOPLE
25%
CANNED LAUGHTER WHO TO BE?
25%
LOST SONGS VOLUME 4: 2003-2021 FALL DOWN RISE AGAIN
19%
CANNED LAUGHTER I HAD A WONDERFUL NIGHT (IT JUST WASN'T THIS ONE)
19%
LOST SONGS VOL.3: WRONG DESTINATION LAST CENTURY BOY
19%
CANNED LAUGHTER LIARS, VIPERS, JOKES AND FAKES
19%
LOST SONGS VOL.2: BOHEMIA ROAD LUCK IS A FOUR LETTER WORD
19%
GREAT SHAKES Volume 1 NEVER ENOUGH
19%
THE LIGHT AT THE END OF THE TUNNEL IS A TRAIN POOR THING
19%
THE LIGHT AT THE END OF THE TUNNEL IS A TRAIN SHUT UP, LOOK HAPPY
19%
LET'S NEVER GO HOME AGAIN (Lost Songs 5) START AS YOU MEAN TO GO WRONG
19%
LOST SONGS VOLUME 4: 2003-2021 SUNFLOWERS
19%
THE LIGHT AT THE END OF THE TUNNEL IS A TRAIN CAN'T GO OUT, CAN'T STAY IN
13%
NOW THAT'S WHY I KILLED MUSIC CIVILIZASHUN (Part 2)
13%
LOST SONGS VOLUME 4: 2003-2021 DOGCULTURE
13%
THE LIGHT AT THE END OF THE TUNNEL IS A TRAIN HALFWAY GONE
13%
LOST SONGS VOL.2: BOHEMIA ROAD RETURN TO THE WHEEL
13%
LOST SONGS VOL.3: WRONG DESTINATION WHERE'S YOUR LOVE?
13%
No matching quizzes found
Score Distribution
Percent of People with Each Score
Percentile by Number Answered
Your Score History
You have not taken this quiz since the last reset